000 00422nam a2200157Ia 4500
003 OSt
005 20230526153302.0
008 211028s2016 xx 000 0 und d
040 _cAIMIT LIBRARY
041 _aeng
100 _aJeevan, K A; Thomas, C G.
_98634
_e141910
110 _aThomas C G
_98635
245 _aMobile app for REACH: a retailer ordering application.
260 _aMangalore
_c2016
942 _2ddc
_cPRO
999 _c219986
_d219986